书目信息 |
| 题名: |
第二次鸦片战争
|
|
| 作者: | 齐思和 编 | |
| 分册: | 三 | |
| 出版信息: | 上海 上海人民出版社 1978 |
|
| 页数: | 608页 | |
| 开本: | 20cm | |
| 丛书名: | 中国近代史资料丛刊 | |
| 单 册: | ||
| 中图分类: | K255 | |
| 科图分类: | ||
| 主题词: | 中国--历史--1840~1949 | |
| 电子资源: | ||
| ISBN: | ||
| 000 | 00673nam2 2200253 45 | |
| 001 | 0178002324 | |
| 005 | 20060725165224.04 | |
| 010 | @dCNY2.00 | |
| 091 | @a11074.375 | |
| 100 | @a19950724d1978 em y0chiy0121 ea | |
| 101 | 0 | @achi |
| 102 | @aCN@b310000 | |
| 105 | @ay z 000yy | |
| 106 | @ar | |
| 200 | 10 | @a第二次鸦片战争@Adi er ci ya pian zhan zheng@h三@f齐思和编 |
| 210 | @a上海@c上海人民出版社@d1978 | |
| 215 | @a608页@d20cm | |
| 225 | 2 | @a中国近代史资料丛刊 |
| 410 | 0 | @120010@a中国近代史资料丛刊 |
| 606 | 0 | @a中国@x历史@z1840~1949 |
| 690 | @aK255 | |
| 701 | 0 | @a齐思和@Aqi si he@4编 |
| 801 | 0 | @aCN@bNLC@c20060725 |
| 905 | @f1@b1122@dK255@e1:2 | |
| 第二次鸦片战争.三/齐思和编.-上海:上海人民出版社,1978 |
| 608页;20cm.-(中国近代史资料丛刊) |
| ISBN :CNY2.00 |
| ● |
| 相关链接 |
|
|
|
|
正题名:第二次鸦片战争
索取号:K255/1:2
 
预约/预借
| 序号 | 登录号 | 条形码 | 馆藏地/架位号 | 状态 | 备注 |
| 1 | 0001122 | 001916412 | 密集书库/ [索取号:K255/1:2] | 在馆 |